Bosnian Football Players in Italy - Statistics

General Stats
  • This quiz has been taken 10 times
  • The average score is 32 of 110
Answer Stats
Country Club Years played Player % Correct
Italy Roma 2016–2021 Edin Džeko
100%
Italy Inter Milan 2021–2023 Edin Džeko
100%
Italy Fiorentina 2025– Edin Džeko
100%
Italy Roma 2011–2016 Miralem Pjanić
100%
Italy Juventus 2016–2020 Miralem Pjanić
100%
Italy AC Milan 2020 Asmir Begović
78%
Italy Lazio 2011–2021 Senad Lulić
78%
Italy Hellas Verona 2014–2015 Rade Krunić
67%
Italy Empoli 2015–2019 Rade Krunić
67%
Italy AC Milan 2019–2024 Rade Krunić
67%
Italy Atalanta 2023– Sead Kolašinac
67%
Italy Fiorentina 2025– Eman Košpo
56%
Italy Cesena 2007–2010 | 2012–2017 Milan Đurić
56%
Italy Parma 2010–2012 | 2025– Milan Đurić
56%
Italy Ascoli 2010–2011 Milan Đurić
56%
Italy Crotone 2011–2012 Milan Đurić
56%
Italy Cremonese 2012–2013 Milan Đurić
56%
Italy Trapani 2013–2014 Milan Đurić
56%
Italy Cittadella 2014 Milan Đurić
56%
Italy Salernitana 2018–2022 Milan Đurić
56%
Italy Hellas Verona 2022–2024 Milan Đurić
56%
Italy Monza 2024–2025 Milan Đurić
56%
Italy Juventus Next Gen 2021–2025 Tarik Muharemović
56%
Italy Sassuolo 2024– Tarik Muharemović
56%
Italy Roma 2021–2023 Benjamin Tahirović
44%
Italy Chievo 2014–2015 Ervin Zukanović
44%
Italy Sampdoria 2015–2016 Ervin Zukanović
44%
Italy Roma 2016–2018 Ervin Zukanović
44%
Italy Atalanta 2016–2017 Ervin Zukanović
44%
Italy Genoa 2017–2019 Ervin Zukanović
44%
Italy SPAL 2020 Ervin Zukanović
44%
Italy Palermo 2023–2024 Adnan Kanurić
33%
Italy Siena 2009–2011 Mato Jajalo
33%
Italy Palermo 2015–2019 Mato Jajalo
33%
Italy Udinese 2019–2023 Mato Jajalo
33%
Italy Venezia 2023–2024 Mato Jajalo
33%
Italy Udinese 2017–2022 Riad Bajić
33%
Italy Ascoli 2020–2021 Riad Bajić
33%
Italy Brescia 2021–2022 Riad Bajić
33%
Italy Francavilla 2024 Tino-Sven Sušić
33%
Italy Trodica 2025– Tino-Sven Sušić
33%
Italy Palermo 2017 Toni Šunjić
33%
Italy Torino 2020–2021 Amer Gojak
22%
Italy Juventus 2007–2011 Hasan Salihamidžić
22%
Italy Udinese 2000–2007 Zlatan Muslimović
22%
Italy Perugia 2001–2002 Zlatan Muslimović
22%
Italy Pistoiese 2002 Zlatan Muslimović
22%
Italy Ascoli 2002–2003 Zlatan Muslimović
22%
Italy Padova 2003–2004 Zlatan Muslimović
22%
Italy Rimini 2004–2005 Zlatan Muslimović
22%
Italy Messina 2005–2006 Zlatan Muslimović
22%
Italy Parma 2006–2007 Zlatan Muslimović
22%
Italy Atalanta 2007–2008 Zlatan Muslimović
22%
Italy Triestina 1995–1996 Adnan Osmanhodžić
11%
Italy Frosinone 2022 Adrian Leon Barišić
11%
Italy Brescello 2001–2002 Amar Ferhatović
11%
Italy AC Milan 2015–2018 Andrej Modić
11%
Italy Vicenza 2015–2016 Andrej Modić
11%
Italy Brescia 2016–2017 Andrej Modić
11%
Italy Rende 2017–2018 Andrej Modić
11%
Italy Afragolese 1944 2020 Andrej Modić
11%
Italy Buccino Volcei 2023– Anel Hajrić
11%
Italy Crotone 2016–2019 Ćazim Suljić
11%
Italy Cuneo 2018–2019 Ćazim Suljić
11%
Italy Alessandria 2019–2021 Ćazim Suljić
11%
Italy Piacenza 2021–2023 Ćazim Suljić
11%
Italy Santarcangelo 2017 Dalibor Pandža
11%
Italy Frosinone 2015–2016 Daniel Pavlović
11%
Italy Sampdoria 2016–2018 Daniel Pavlović
11%
Italy Crotone 2017–2018 Daniel Pavlović
11%
Italy Perugia 2019 Daniel Pavlović
11%
Italy Carpi 2015–2020 Dario Šarić
11%
Italy Virtus Castelfranco 2015 Dario Šarić
11%
Italy Siena 2016–2017 Dario Šarić
11%
Italy Ascoli 2020–2022 Dario Šarić
11%
Italy Palermo 2022–2025 Dario Šarić
11%
Italy Cesena 2025 Dario Šarić
11%
Italy Sampdoria 2025– Dennis Hadžikadunić
11%
Italy Pescara 2014–2016 Gordan Bunoza
11%
Italy Pescara 2014–2018 Hrvoje Miličević
11%
Italy Teramo 2015 Hrvoje Miličević
11%
Italy L'Aquila 2015–2016 Hrvoje Miličević
11%
Italy Varese 2002 Josip Čolina
11%
Italy Udinese 2017–2019 Mak Varešanović
11%
Italy Casertana 2019–2021 Mak Varešanović
11%
Italy Folgore Caratese 2024– Mak Varešanović
11%
Italy Nocerina 2023 Marko Maletić
11%
Italy Renate 2023–2024 Marko Maletić
11%
Italy Cjarlins Muzane 2024 Marko Maletić
11%
Italy Nardò 2024– Marko Maletić
11%
Italy Monza 1998–2001 Marko Topić
11%
Italy Venezia 2020–2022 Mirza Hasanbegović
11%
Italy Angri 2025 Petar Kunić
11%
Italy Spezia 2022–2024 Petar Zovko
11%
Italy Varese 2013 Reuf Duraković
11%
Italy Torino 2015–2016 Sanjin Prcić
11%
Italy Perugia 2016 Sanjin Prcić
11%
Italy Bisceglie 2017–2019 Toni Markić
11%
Italy Viterbese 2019–2021 Toni Markić
11%
Italy Foggia 2021–2023 Toni Markić
11%
Italy Siracusa 2023–2024 Toni Markić
11%
Italy Scafatese 2024– Toni Markić
11%
Italy Como 2001–2003 Vedin Musić
11%
Italy Modena 2003–2005 Vedin Musić
11%
Italy Torino 2005–2007 Vedin Musić
11%
Italy Treviso 2007 Vedin Musić
11%
Italy Padova 2007–2008 Vedin Musić
11%
Italy Pro Patria 2008–2009 Vedin Musić
11%
Italy Arezzo 2009–2010 Vedin Musić
11%
Italy Spezia 2015–2016 Zoran Kvržić
11%
No matching quizzes found
Score Distribution
Percent of People with Each Score
Percentile by Number Answered
Your Score History
You have not taken this quiz